000 01356nam a2200373 c 4500
001 19723
003 ES-MaCES
005 20180118122041.0
008 070212s2006 lu bd m000 | eng d
020 _a9289709448
035 _aCES20070000819m
040 _aES-MaCES
_bspa
_cES-MaCES
100 1 _aStorrie, Donald
_924486
245 1 0 _aReestructuring and employment in the EU
_b: concepts, measurement and evidence
_c[author, Donald Storrie]
260 _aLuxembourg
_bOffice for Official Publications of the European Communities
_c2006
300 _aVII, 72 p.
_bgráf., mapas col.
_c30 cm
500 _aPrecede al tít.: European Foundation for the Improvement of Living and Working Conditions
504 _aBibliografía: p. 65-68
541 _cGratuito
650 4 _acambio estructural
_930042
650 4 _aajuste estructural
_930358
650 4 _areforma económica
_929791
650 4 _aempleo
_928299
650 4 _amercado de trabajo
_928292
650 4 _aconsecuencias económicas
_927082
650 4 _aevaluación del impacto
_930732
653 1 0 _aEmpleo
650 4 _929020
_apaís de la UE
650 4 _926752
_aUE
710 2 _93819
_aFundación Europea para la Mejora de las Condiciones de Vida y de Trabajo
902 _aDOC Literatura gris
942 _2CES
_cBK
_h2.1.
999 _c19723
_d19723